Les plus grandes villes sur la Marne - Statistiques

Statistiques générales
  • Ce quiz a été pris 119 fois
  • Le résultat moyen est 11 sur 30
Statistiques - réponses
Population (2015) Ville sur la Marne % Correct
45,200 Châlons-en-Champagne
83%
23,900 Epernay
64%
31,800 Nogent-sur-Marne
62%
52,200 Meaux
59%
90,500 Créteil
53%
22,700 Chaumont
51%
74,900 Champigny-sur-Marne
49%
13,100 Vitry-le-François
49%
24,800 Saint-Dizier
44%
14,400 Château-Thierry
41%
74,800 Saint-Maur-des-Fossés
41%
29,600 Charenton-le-Pont
38%
20,300 Lagny-sur-Marne
37%
18,000 Joinville-le-Pont
36%
63,000 Noisy-le-Grand
36%
52,800 Chelles
33%
34,000 Neuilly-sur-Marne
33%
16,000 Bry-sur-Marne
32%
33,200 Le Perreux-sur-Marne
32%
22,900 Torcy
32%
20,700 Neuilly-Plaisance
31%
24,500 Champs-sur-Marne
27%
44,600 Alfortville
26%
16,200 Bonneuil-sur-Marne
25%
14,600 Saint-Maurice
25%
12,800 Vaires-sur-Marne
25%
15,800 Noisiel
23%
53,300 Maisons-Alfort
22%
18,000 Chennevières-sur-Marne
20%
25,700 Sucy-en-Brie
14%
Aucun quiz correspondant
Distribution des résultats
% des personnes avec chaque résultat
Percentile par nombre de réponses
Votre historique - résultats
Vous n’avez pas pris ce quiz